Erraten Sie Die Länder In Europa - Statistiken

Allgemein
  • Dieses Quiz wurde 224 mal gespielt
  • Das Durchschnittsergebnis liegt bei 29 aus 45
Antworten auf der Karte
Die Antworten werden auf der Karte rot bzw. grün angezeigt, abhängig davon wie oft sie richtig erraten wurden.
 
Antwortstatistiken
Antwort % Korrekt
Polen
89%
Deutschland
88%
Italien
87%
Vereinigtes Königreich
83%
Dänemark
78%
Frankreich
77%
Liechtenstein
74%
Österreich
74%
Tschechien
74%
Portugal
72%
Schweiz
72%
Andorra
71%
Irland
71%
Belgien
70%
Griechenland
69%
Island
69%
Luxemburg
69%
Vatikanstadt
69%
Finnland
67%
Schweden
67%
Spanien
67%
Russland
65%
Lettland
63%
Ukraine
63%
Norwegen
62%
Malta
60%
Niederlande
60%
Moldawien
59%
San Marino
58%
Slowakei
58%
Weißrussland
57%
Estland
56%
Monaco
56%
Rumänien
56%
Kroatien
55%
Litauen
54%
Nordmazedonien
54%
Albanien
53%
Ungarn
52%
Bulgarien
50%
Slowenien
50%
Kosovo
49%
Bosnien und herzegowina
47%
Serbien
47%
Montenegro
42%
Keine übereinstimmenden Quizze gefunden
Verteilung der Resultate
Anzahl Personen mit jedem Resultat
Perzentil nach korrekt beantworteten Fragen
Ihre Resultats-Entwicklung
Sie haben dieses Quiz noch nicht gespielt